000 00509nam a22001577a 4500
999 _c533458
_d533458
020 _qHard Cover.
082 _a624.1
100 _aMahmood, Kashif
245 _aSeismic simulation and vibration control using shake table testing /
_cKashif Mahmood,
260 _aIslamabad.
_bNICE - NUST,
_c2013.
300 _a74 p. : ill. ;
_c30cm.
942 _2ddc
_cTHE
650 _aMS Structural Engineering.
_927335
700 _aDr. Abdul Qadir Bhatti.
_927317